| 000 | 00757cam a22002417a 4500 | ||
|---|---|---|---|
| 001 | 15899401 | ||
| 005 | 20250529121903.0 | ||
| 008 | 090909s2010 enka b 001 0 eng | ||
| 020 | _a9781847870032 (hbk.) | ||
| 020 | _a1847870031 (hbk.) | ||
| 020 | _a184787004X (pbk.) | ||
| 020 | _a9781847870049 (pbk.) | ||
| 050 | 0 | 0 |
_aH62 _b.P6475 2010 |
| 082 | 0 | 4 |
_a300.72 _222 |
| 245 | 0 | 0 |
_aPractical research and evaluation : _ba start-to-finish guide for practitioners / _cedited by Colin McCaig, Lena Dahlberg. |
| 260 |
_aLondon : _bSAGE, _c2010. |
||
| 300 |
_aviii, 263 p. : _bill. ; _c25 cm. |
||
| 650 | 0 |
_aSocial sciences _xResearch. |
|
| 650 | 0 |
_aResearch _xEvaluation. |
|
| 700 | 1 |
_aMcCaig, Colin, _cDr. |
|
| 700 | 1 | _aDahlberg, Lena. | |
| 942 |
_2lcc _cBK _n0 |
||
| 999 |
_c6022 _d6022 |
||